|
|
|
|
| LEADER |
00000nam0a2200000 4500 |
| 001 |
91992 |
| 005 |
20231031104414.0 |
| 010 |
|
|
|a 5060053415
|b 3000 экз.
|
| 021 |
|
|
|a RU
|b 05-76576
|9 05-3775
|
| 035 |
|
|
|a (RuTPU)RU\TPU\book\98585
|
| 090 |
|
|
|a 91992
|
| 100 |
|
|
|a 20060303d2006 m y0rusy5002 ca
|
| 101 |
0 |
|
|a rus
|
| 102 |
|
|
|a RU
|
| 105 |
|
|
|a a j 001zy
|
| 200 |
1 |
|
|a Гидравлика
|e учебное пособие для вузов
|f В. А. Кудинов, Э. М. Карташов
|
| 210 |
|
|
|a Москва
|c Высшая школа
|d 2006
|
| 215 |
|
|
|a 175 с.
|c ил.
|
| 320 |
|
|
|a Библиогр.: с. 172.
|
| 330 |
|
|
|a В книге подробно изложены основные физико-механические свойства жидкостей, вопросы гидростатики и гидродинамики, даны основы теории гидродинамического подобия, рассмотрены классификация гидравлических потерь, гидравлический расчет трубопроводов и другие вопросы гидравлики. Для студентов вузов, обучающихся по техническим и технологическим направлениям и специальностям.
|
| 451 |
|
1 |
|0 (RuTPU)RU\TPU\book\126708
|y 978-5-06-005341-8
|t Гидравлика
|o учебное пособие для вузов
|f В. А. Кудинов, Э. М. Карташов
|e 2-е изд., перераб. и доп.
|c М.
|n Высшая школа
|d 2007
|p 199 с.
|a Кудинов, Василий Александрович
|
| 610 |
1 |
|
|a гидравлика
|
| 610 |
1 |
|
|a жидкость
|
| 610 |
1 |
|
|a гидростатика
|
| 610 |
1 |
|
|a гидродинамика
|
| 610 |
1 |
|
|a гидродинамическое подобие
|
| 610 |
1 |
|
|a гидравлические потери
|
| 610 |
1 |
|
|a режимы течения
|
| 610 |
1 |
|
|a вязкость
|
| 610 |
1 |
|
|a течение
|
| 610 |
1 |
|
|a трубопроводы
|
| 610 |
1 |
|
|a гидравлический расчет
|
| 610 |
1 |
|
|a истечение
|
| 610 |
1 |
|
|a теория
|
| 610 |
1 |
|
|a учебные пособия
|
| 675 |
|
|
|a 532(075.8)
|v 3
|z rus
|
| 700 |
|
1 |
|a Кудинов
|b В. А.
|g Василий Александрович
|4 070
|
| 701 |
|
1 |
|a Карташов
|b Э. М.
|g Эдуард Михайлович
|4 070
|
| 801 |
|
0 |
|a RU
|b RKP
|c 20060201
|g PSBO
|
| 801 |
|
1 |
|a RU
|b 63413507
|c 20060303
|g PSBO
|
| 801 |
|
2 |
|a RU
|b 63413507
|c 20211018
|g PSBO
|
| 900 |
|
|
|a Гидравлика
|
| 942 |
|
|
|c BK
|
| 952 |
|
|
|b 150800
|
| 959 |
|
|
|a 60/20060705
|d 1
|e 114,00
|f ЧЗТЛ:1
|
| 959 |
|
|
|a 68/20060712
|d 1
|e 0
|f АНЛ:1
|
| 959 |
|
|
|a 90/20061025
|d 1
|e 124,00
|f АНЛ:1
|